zpět

Detail výsledku týmu

Na Tahu , Olomouc

Datum a čas kvízu

41.5 Celkem bodů Celkový počet nahraných bodů na tomto kvízu bez doplňovacích otázek.
2. Pořadí na kvízu Konečné umístění týmu na tomto kvízu.

Zaznamenané odpovědi

# Otázka Odpověď Body Výsledky
1. V úterý bylo ve Vladislavském... David Kratochvíl; plavání 1
2. Minulý týden informovala média... C 1
3. Minulý čtvrtek byl uveden do k... Nepela 1
4. Známý dánský pivovar představi... Carlsberg 1
5. Britský svaz vodního slalomu u... C 1
6. Ačkoliv je čas večeře, věnujem... vejce; slaninu 1
7. Od slané ke sladké snídani. V... javorový sirup 1
8. „Snídaně v trávě“ není název: D 0
9. V Krkonoších, v místě zvaném K... Mumlava 1
10. Mnozí z nás si snídani bez káv... třešně 1